000
00297nam a2200133Ia 4500
008
191201s2019 xx 000 0 und d
082
_a
530
100
_a
VENKATACHAR,MA
245
0
_a
Handbook of SI Unit
260
_a
N. Delhi
_b
Sultan Chand
300
_a
73
650
_a
Applied
942
_2
ddc
_c
BK
999
_c
564
_d
564